| 000 -LEADER |
| fixed length control field |
00488nam a22001577a 4500 |
| 008 - FIXED-LENGTH DATA ELEMENTS--GENERAL INFORMATION |
| fixed length control field |
200709b ||||| |||| 00| 0 eng d |
| 020 ## - INTERNATIONAL STANDARD BOOK NUMBER |
| International Standard Book Number |
271080333X |
| 082 00 - DEWEY DECIMAL CLASSIFICATION NUMBER |
| Classification number |
627.98 |
| Item number |
L648 |
| 100 ## - MAIN ENTRY--PERSONAL NAME |
| 9 (RLIN) |
3287 |
| Personal name |
Le-Tirant, Pierre |
| 245 10 - TITLE STATEMENT |
| Title |
Seabed reconnaissance and offshore soil mechanism for the installation of petroleum structure / |
| 250 ## - EDITION STATEMENT |
| Edition statement |
1st ed. |
| 260 ## - PUBLICATION, DISTRIBUTION, ETC. (IMPRINT) |
| Place of publication, distribution, etc |
Paris |
| Name of publisher, distributor, etc |
Ienship |
| Date of publication, distribution, etc |
1979 |
| 300 ## - PHYSICAL DESCRIPTION |
| Extent |
xii, 508 p. |
| 650 #0 - SUBJECT ADDED ENTRY--TOPICAL TERM |
| Topical term or geographic name as entry element |
Petroleum in submerged lands |
| 942 ## - ADDED ENTRY ELEMENTS (KOHA) |
| Item type |
Books |